000 00277nam a22001337a 4500
008 171207b xxu||||| |||| 00| 0 eng d
020 _a9780077404321
041 _aeng
080 _a338
100 _a54
101 _aMEN
245 _aMANAGEMENT
_cSNELL.B
942 _2udc
_cBK
999 _c38812
_d38812